Manual of pteridology / (Record no. 145987)
[ view plain ]
| 000 -LEADER | |
|---|---|
| campo de control de longitud fija | 00528nam a2200157 i 4500 |
| 001 - NÚMERO DE CONTROL | |
| campo de control | 145987 |
| 003 - IDENTIFICADOR DE NÚMERO DE CONTROL | |
| campo de control | ES-MaACL |
| 005 - FECHA Y HORA DE LA ÚLTIMA TRANSACCIÓN | |
| campo de control | 20230906201358.0 |
| 007 - CAMPO FIJO DE DESCRIPCIÓN FÍSICA--INFORMACIÓN GENERAL | |
| campo de control de longitud fija | t| |
| 008 - DATOS DE LONGITUD FIJA--INFORMACIÓN GENERAL | |
| campo de control de longitud fija | 071018s1932 ne ||||1| eng d |
| 100 1# - ENTRADA PRINCIPAL--NOMBRE DE PERSONA | |
| Nombre de persona | Verdoorn, Frans. |
| 9 (RLIN) | 114041 |
| 245 10 - MENCIÓN DEL TÍTULO | |
| Título | Manual of pteridology / |
| Mención de responsabilidad, etc. | edited by Fr. Verdoorn ; in collaboration A. H. G. Alston, I. Andersson-Kottö ; foreward by F. O. Bower. |
| 260 ## - PUBLICACIÓN, DISTRIBUCIÓN, ETC. | |
| Lugar de publicación, distribución, etc. | The Hague : |
| Nombre del editor, distribuidor, etc. | Martinus Nijhoff, |
| Fecha de publicación, distribución, etc. | 1938. |
| 300 ## - DESCRIPCIÓN FÍSICA | |
| Extensión | XX, 640 p. : |
| Otras características físicas | il. ; |
| Dimensiones | 25 cm. |
| 852 ## - LOCALIZACIÓN | |
| Ubicación | ES-MaACL |
| Número de control de estantería | C-4323 |
| Sublocalización o colección | R.24242 |
| Estatus retirado | Estado de pérdida | Estado de daño | No para préstamo | Biblioteca de origen | Biblioteca actual | Ubicación en estantería | Fecha de adquisición | Fuente de adquisición | Total de préstamos | Signatura topográfica completa | Código de barras | Visto por última vez | Precio de reemplazo | Tipo de ítem Koha |
|---|---|---|---|---|---|---|---|---|---|---|---|---|---|---|
| Biblioteca del Ateneo de Madrid | Biblioteca del Ateneo de Madrid | Sala Palomar | 17/01/2008 | C-4323 | 1152379 | 23/02/2023 | 23/02/2023 | Libro impreso |
